000 00543nam a22002057a 4500
001 00028661
005 20260326171146.0
008 260326b ag ||||| |||| 00| 0 spa d
020 _a9506490449
040 _aAR-CcCEOS
_bspa
_cAR-CcCEOS
041 _aspa
080 _a159.94
090 _bENT
245 _aEntre el mito y la logica /
_cGloria Autino ... [et.al]
264 _aBuenos Aires :
_bLetra Viva,
_c2001.
300 _a148 p. ;
_c20x18 cm.
650 0 _afilosofĂ­a
_9153
655 0 _alogica
_vmito
_9984
942 _2udc
_cBK
_n0
999 _c28694
_d28694